000 00619nam a2200229Ia 4500
003 OSt
005 20220928135401.0
006 a|||||r|||| 00| 0
007 ta
008 220927b |||||||| |||| 00| 0 eng d
024 _a1713
037 _cTextual
040 _aSDCL
_cSDCL
_beng
041 _2eng
_aeng
082 _aX:51.1'N9, N9
100 _aMuhlbacher Hans
_9490227
245 0 _aInternational marketing
_b A global perspective
260 _c1999
700 _a Dahringer Lee
_9490228
942 _hX:51.1'N9, N9
_cTEXL
_2CC
999 _c805525
_d805525